000 nam a22 a 4500
999 _c162707
_d162707
003 BLK
005 20220727114340.0
008 180410b bul|||||r ||||||| ||bul||
010 _aKNG00170087000
040 _aBLK
041 _aBUL
_cBUL
080 _aНемска литература
_b821.112.2
_x(494)- 31
_z821.112.2(494)- 31
100 1 _aДюренмат, Фридрих
_eпърви автор
_966272
139 _aДюренмат, Фридрих
_bД 98
245 1 0 _aПодозрението
_bРоман
_cФридрих Дюренмат; прев. от нем. Венцеслав Константинов Константинов.
257 _aSWI
260 _aСофия
_bНар. младеж
_c1972
300 _a123 с.
_c20 см
380 _aX
490 _aБиблиотека Лъч
_v36
_9204424
500 _aОриг. загл. Fer Verdacht. - 30 125 тир.
700 1 _aКонстантинов, Венцеслав Константинов
_eпрев. от нем.
_9374149
852 _aЦб 62915
856 4 _qpdf
856 4 _qpdf
942 _cKNG
_n0
_s1
944 _aCR
_c23.01.2015
_l23.01.2015 - от С1,Р / 23.01.2015
_kНаталия_Любомирова
944 _aED
_c2022-07-27
_kир
999 _d162707